00354nam a22000977a 4500008004100000082001800041245012500059260003800184300001000222710002400232230609b xxu||||| |||| 00| 0 eng d a354.6200bGOK a Report of the Public Accounts Committee on the Government of Kenya Accounts for the Year 2002/2003cGovernment of Kenya aKenya bGovernment of Kenyac2003 a663 p bGovernment of Kenya